First Draft : (Record no. 1088)

000 -LEADER
fixed length control field 00692nam a2200241 a 4500
008 - FIXED-LENGTH DATA ELEMENTS--GENERAL INFORMATION
fixed length control field 191125t2010 ii ao||g |||| 00| 0 eng d
020 ## - INTERNATIONAL STANDARD BOOK NUMBER
International Standard Book Number 9789380283760
Terms of availability Rs. 695.00
040 ## - CATALOGING SOURCE
Original cataloging agency IMU Kochi Library
Language of cataloging eng
041 0# - LANGUAGE CODE
Language code of text/sound track or separate title eng
044 ## - COUNTRY OF PUBLISHING/PRODUCING ENTITY CODE
MARC country code India
082 04 - DEWEY DECIMAL CLASSIFICATION NUMBER
Edition number 23
Classification number 070.920954
Item number V5869
100 1# - MAIN ENTRY--PERSONAL NAME
Personal name Verghese, B. G.
245 10 - TITLE STATEMENT
Title First Draft :
Sub Title witness to the making of Modern India /
260 ## - PUBLICATION, DISTRIBUTION, ETC. (IMPRINT)
Place of publication, distribution, etc Chennai :
Name of publisher, distributor, etc Tranquebar Press (Westland Ltd.) ,
Date of publication, distribution, etc 2010
300 ## - PHYSICAL DESCRIPTION
Extent xiv, 573 p. :
Other physical details ill. ;
Dimensions 24 cm
504 ## - BIBLIOGRAPHY, ETC. NOTE
Bibliography, etc Includes Index.
600 ## - SUBJECT ADDED ENTRY--PERSONAL NAME
Personal name Verghese, B. G.
650 #0 - SUBJECT ADDED ENTRY--TOPICAL TERM
Topical term or geographic name as entry element Journalists
Form subdivision Biography
Geographic subdivision India
650 #0 - SUBJECT ADDED ENTRY--TOPICAL TERM
Topical term or geographic name as entry element Politics and government
852 ## - LOCATION/CALL NUMBER
Location IMU Kochi Library
904 ## - LOCAL DATA ELEMENT D, LDD (RLIN)
CATALOGER Akhil Bose
942 ## - ADDED ENTRY ELEMENTS (KOHA)
Item type Books
Holdings
Withdrawn status Lost status Source of classification or shelving scheme Damaged status Not for loan Collection code Permanent location Current location Shelving location Date acquired Source of acquisition Cost, normal purchase price Full call number Barcode Date last seen Koha item type Public note
          Non-fiction IMU Kochi Library IMU Kochi Library Fiction & General 2013-03-05 M/s Gemini Book House (Inv. No.80 dt. 2013-02-18) 695.00 070.920954 V5869 BK000647 2019-11-25 Books Shelf-18, Row-1
          Non-fiction IMU Kochi Library IMU Kochi Library Fiction & General 2013-03-06 M/s Gemini Book House (Inv. No.77 dt. 2013-02-18) 695.00 070.920954 V5869 BK002256 2019-11-25 Books Shelf-18, Row-1


Copyright © All Rights Reserved by Indian Maritime University, Kochi Campus.
For any Suggestions/Query Contact to library or Email: library.kochi@imu.ac.in Ph:(0484)-2989402
(Web OPAC Designed by Rudra Ranjan. Maintained by IMU Kochi Library)

Powered by Koha